| 000 | 00542nam a22002297a 4500 | ||
|---|---|---|---|
| 003 | UA-OsUOA | ||
| 001 | 51749 | ||
| 007 | ta | ||
| 008 | 20080122b un ||||| |||| 00| 0 ukr d | ||
| 100 | _aMartin R. | ||
| 090 | _a82-97.111 | ||
| 942 | _cBK | ||
| 040 |
_aUA-OsUOA _beng _cUA-OsUOA _dUA-OsUOA |
||
| 245 | _aHangry for god | ||
| 300 | _a160 с. | ||
| 955 | _a2 | ||
| 041 | _aeng | ||
| 080 | _a82-97.111 | ||
| 260 |
_aMichigan _c1976 |
||
| 650 | 7 |
_a82 Література. Літературознавство _2UDC |
|
| 999 |
_c337842 _d337842 |
||